Sports Quiz

Random Sports Quiz

FA Trophy Winners Quiz Stats

 Plays Quiz not verified by Sporcle

Score 0/42 Timer 10:00
0 Plays Today
Year Cup Winners % Correct
2006-07Stevenage
88.3%
2008-09Stevenage
88.3%
1986-87Kidderminster Harriers
85%
1970-71Telford United
81.7%
1982-83Telford United
81.7%
1988-89Telford United
81.7%
1993-94Woking
76.7%
1994-95Woking
76.7%
1996-97Woking
76.7%
1977-78Altrincham
75%
1979-80Dagenham
75%
1985-86Altrincham
75%
1972-73Scarborough
73.3%
1975-76Scarborough
73.3%
1976-77Scarborough
73.3%
1983-84Northwich Victoria
68.3%
1969-70Macclesfield Town
66.7%
1995-96Macclesfield Town
66.7%
2001-02Yeovil Town
60%
1971-72Stafford Rangers
58.3%
1978-79Stafford Rangers
58.3%
Year Cup Winners % Correct
2010-11Darlington
58.3%
1989-90Barrow
55%
2009-10Barrow
55%
2000-01Canvey Island
53.3%
1990-91Wycombe Wanderers
51.7%
1992-93Wycombe Wanders
51.7%
1997-98Cheltenham Town
50%
1981-82Enfield
45%
1987-88Enfield
45%
1973-74Morecambe
43.3%
1991-92Colchester
38.3%
2007-08Ebbsfleet
38.3%
2004-05Grays Athletic
35%
2005-06Grays Athletic
35%
1984-85Wealdstone
30%
1998-99Kingstonian
30%
1999-00Kingstonian
30%
2002-03Burscough
28.3%
2003-04Hednesford Town
16.7%
1974-75Matlock Town
11.7%
1980-81Bishop's Stortford
8.3%

You're not logged in!

Compare scores with friends on all Sporcle quizzes.
OR
Log In

Show Comments

Extras

Created Feb 17, 2012ReportNominate
Tags:cup, FA Trophy, runner, trophy, winner

Top Quizzes Today


Score Distribution

Your Account Isn't Verified!

In order to create a playlist on Sporcle, you need to verify the email address you used during registration. Go to your Sporcle Settings to finish the process.

Report this User

Report this user for behavior that violates our Community Guidelines.

Details: